Amerykańskie tournée literackie Carla Hauptmanna w 1908 roku

Titel: Amerykańskie tournée literackie Carla Hauptmanna w 1908 roku : zapomniany reportaż "New Yorker Staatszeitung" / Krzysztof A. Kuczyński
Verfasser:
In: "I znów błyszczą moje góry ...", (2014), Seite 111-126
alle Artikel anzeigen
Veröffentlicht: 2014
Format: Aufsatz
Sprache: Polnisch
Schlagworte:
Kein Bild verfügbar
X
alg: 44686422
001A    $04504:25-03-19 
001B    $01999:25-03-19 $t22:29:48.000 
001D    $04504:25-03-19 
001U    $0utf8 
001X    $00 
002@    $0Aou 
002C    $aText $btxt $2rdacontent 
002D    $aohne Hilfsmittel zu benutzen $bn $2rdamedia 
002E    $aBand $bnc $2rdacarrier 
003@    $0446864226 
007A    $0446864226 $aHEB 
010@    $apol 
010E    $erda 
011@    $a2014 
021A    $aAmerykańskie tournée literackie Carla Hauptmanna w 1908 roku $dzapomniany reportaż "New Yorker Staatszeitung" $hKrzysztof A. Kuczyński 
028A    $BVerfasser $#Kuczyński, Krzysztof Antoni $#Kuczyński, K. A. $#Kuczynski, Krzysztof A. $4aut $7104346892 $8Kuczyński, Krzysztof A.$Z1948- [Tp1] $9139601767 
031A    $h111-126 $j2014 
039B    $aEnthalten in $8--Aau--. "I znów błyszczą moje góry ...". - Włocławek : Wydawnictwo Państwowej Wyższej Szkoły Zawodowej, 2014. - 263 Seiten. - Illustrationen. - ISBN 978-83-60607-54-1 $x201400000000000889 $9386702497 
044K    $#Klar, Ferdinand $#Hauptmann, Karl $#Hauptmann, Carl Ferdinand Max $#Hauptmann, Carl Ferdinand Maximilian $7118546910 $8Hauptmann, Carl$Z1858-1921 [Tp1] $9086887947 
044K    $RKonföderierte Staaten von Amerika $#USA $#USA $#United States of America $#Vereinigte Staaten von Amerika $#Nordamerika USA $#Amerika USA $#United States $#United States of America $#Etats Unis $#Etats-Unis $#Vereinigte Staaten $#Estados Unidos de America $#EEUU $#Vereinigte Staaten von Nordamerika $#Soedinennye Štaty Ameriki $#SŠA $#Stany Zjednoczone Ameryki Północnej $#Hēnōmenai Politeiai tēs Boreiu Amerikēs $#Hēnōmenes Politeies tēs Amerikēs $#HēPA $#Ēnōmenes Politeies tēs Amerikēs $#ĒPA $#Meiguo $#Etats-Unis d'Amérique $#US $74078704-7 $8USA [Tgz] $908522331X 
045R    $aGeschichte 1908 
045V    $aHauptmann, Carl $816.15.00$jZu einzelnen Autoren [Tkx] $9118843702 

lok: 44686422 62

exp: 44686422 62 1 #EPN
201B/01 $025-03-19 $t22:05:20.000 
201C/01 $025-03-19 
203@/01 $01048666026 
208@/01 $a25-03-19 $be 
209A/01 $a/ $f000 $x00 
209B/01 $a2019 $x05 
247C/01 $8Frankfurt, Bibliographie der Deutschen Sprach- und Literaturwissenschaft $9113214561 
201U/01 $0utf8 

lok: 44686422 78

exp: 44686422 78 1 #EPN
201B/01 $018-04-19 $t09:47:20.000 
201C/01 $018-04-19 
201U/01 $0utf8 
203@/01 $01050274229 
208@/01 $a18-04-19 $be 
209A/01 $a/ $f000 $x00 
209A/01 $ab*p $x01 
220C/01 $apgar 
244Z/01 $#Schlesien $#Schlesien $#Herzogtum Schlesien $#Herzogtum Schlesien Schlesien $#Provinz Schlesien $#Śla̜sk $#Slezsko $#Silesia $74052678-1 $8--Tg1--Schlesien $x01 $9085146781 
247C/01 $82080>Marburg/Lahn, Herder-Institut, Forschungsbibliothek, Bibliographieportal $9336309341
LEADER 00000caa a2200000 c 4500
001 446864226
003 DE-603
005 20190325222948.0
007 tu
008 190325s2014 xx |||| | u00||u|pol c
035 |a (DE-599)HEB446864226 
040 |a DE-603  |b ger  |c DE-603  |d DE-603  |e rda 
041 |a pol 
100 1 |a Kuczyński, Krzysztof A.  |d 1948-  |e Verfasser  |4 aut  |0 (DE-603)139601767  |0 (DE-588)104346892  |2 gnd 
245 0 0 |a Amerykańskie tournée literackie Carla Hauptmanna w 1908 roku  |b zapomniany reportaż "New Yorker Staatszeitung"  |c Krzysztof A. Kuczyński 
264 0 |c 2014 
336 |a Text  |b txt  |2 rdacontent 
337 |a ohne Hilfsmittel zu benutzen  |b n  |2 rdamedia 
338 |a Band  |b nc  |2 rdacarrier 
600 1 7 |a Hauptmann, Carl  |d 1858-1921  |0 (DE-588)118546910  |0 (DE-603)086887947  |2 gnd 
648 7 |a Geschichte 1908  |2 gnd 
651 7 |a USA  |0 (DE-588)4078704-7  |0 (DE-603)08522331X  |2 gnd 
773 0 8 |i Enthalten in  |t "I znów błyszczą moje góry ..."  |d Włocławek : Wydawnictwo Państwowej Wyższej Szkoły Zawodowej, 2014  |h 263 Seiten, Illustrationen  |z 9788360607541  |z 8360607540  |g (2014), Seite 111-126  |w (DE-603)386702497 
924 0 |9 603  |a (DE-603)1048666026  |b DE-603  |c HES  |d d 
924 0 |9 2080  |a (DE-603)1050274229  |b DE-2080  |c HES  |d d  |g /